00862nam a22001097a 4500040000800000082002700008100001500035245056100050260002600611300002800637856008700665 cRUA aAVM MEN 2010 B093 Or.1 aMEN, DAVY. aStudy on growth rate of avian supplemented creeping water primrose ( ludwigia repens) on C.P concentrate at the animal experimental station at royal university of agriculture, សិក្សាលើការលូតលាស់របស់មាន់សាច់AVIANដោយបន្ថែមកំពីងពួយស្រស់លើចំណីក្រុមហ៊ុនស៊ីភីក្នុងស្ថានីយ៍ពិសោធន៍សត្វនាំសាកលវិទ្យាល័យភូមិន្ទកសិកមុ aPhnom PenhbRUAc2010 axiii; 36p.bill.c29cm. uhttps://drive.google.com/file/d/1oOiUAIaNPyZoJrB4pqwHROeIFd-ftByB/view?usp=sharing